Sonnets from the portuguese
Colección de poemas de amor que escribió Browning, los cuales se basan en cartas que compartió con su esposo y su amiga cercana para hacer más natural la interacción entre los personajes de los sonetos. Gira entorno al amor y la muerte, colocando como voz principal de los sonetos a Catarina, uno de...
Enregistré dans:
| Auteur principal: | |
|---|---|
| Format: | Livre |
| Langue: | Undetermined |
| Publié: |
New York, Estados Unidos
The golden books
[s.f.]
|
| Sujets: | |
| Accès en ligne: | Acceso al texto completo |
| Tags: |
Ajouter un tag
Pas de tags, Soyez le premier à ajouter un tag!
|
MARC
| LEADER | 00000nam a2200000Ia 4500 | ||
|---|---|---|---|
| 008 | 170316s9999 xx 000 0 und d | ||
| 040 | |a cru BVZT | ||
| 090 | |a 810 B-25s | ||
| 100 | |a Browning, Elizabeth Barrett | ||
| 245 | |a Sonnets from the portuguese | ||
| 260 | |a New York, Estados Unidos | ||
| 260 | |b The golden books | ||
| 260 | |c [s.f.] | ||
| 300 | |a 92 páginas | ||
| 520 | |a Colección de poemas de amor que escribió Browning, los cuales se basan en cartas que compartió con su esposo y su amiga cercana para hacer más natural la interacción entre los personajes de los sonetos. Gira entorno al amor y la muerte, colocando como voz principal de los sonetos a Catarina, uno de los dos amantes que interactúan en las cartas. | ||
| 650 | |a LITERATURA INGLESA |9 12 | ||
| 856 | |u http://www.gutenberg.org/files/2002/2002-h/2002-h.htm |y Acceso al texto completo |z (Documento digital difiere en sus datos de editorial y año del documento localizado en físico en la biblioteca) | ||
| 999 | |c 5459 |d 5459 | ||
| 942 | |c 15 D |h 810 B-25s |2 z | ||
